Central Library OPAC University of Rajshahi

كتاب الكفاية في علم الرواية ;; Kitāb al-Kifāyah fī ʿilm al-riwāyah / (Record no. 78149)

MARC details
000 -LEADER
fixed length control field 01047nam a2200217 i 4500
001 - CONTROL NUMBER
control field 78149
003 - CONTROL NUMBER IDENTIFIER
rucl marc code BD-RjUL
005 - DATE AND TIME OF LATEST TRANSACTION
control field 20211209083108.0
008 - FIXED-LENGTH DATA ELEMENTS--GENERAL INFORMATION
fixed length control field 011029s1938 su 000 0 ara d
035 ## - SYSTEM CONTROL NUMBER
System control number (BD-RjUL)78375
040 ## - CATALOGING SOURCE
Description conventions rda
Modifying agency UkOxU
Original cataloging agency BD-RjUL
Language of cataloging eng
Transcribing agency BD-RjUL
041 ## - LANGUAGE CODE
Language code of text/sound track or separate title ara
082 ## - DEWEY DECIMAL CLASSIFICATION NUMBER
Edition number 23
Classification number 297.126
Author mark and year BAk 1358h
100 1# - MAIN ENTRY--PERSONAL NAME
Personal name البغدادي، أبو بكر أحمد بن علي.;;Baghdādī, Abū Bakr Aḥmad ibn ʿAlī,
Relator term author.
9 (RLIN) 246650
245 10 - TITLE STATEMENT
Title كتاب الكفاية في علم الرواية ;; Kitāb al-Kifāyah fī ʿilm al-riwāyah /
Statement of responsibility, etc. أبي بكر أحمد بن علي بن ثابت المعروف بالخطيب البغدادي ;; Abī Bakr Aḥmad ibn ʿAlī ibn Thābit al-maʿrūf bi-al-Khaṭīb al-Baghdādī.
264 #1 - PRODUCTION, PUBLICATION, DISTRIBUTION, MANUFACTURE, AND COPYRIGHT NOTICE
Place of production, publication, distribution, manufacture al-Madīnah al-Munawwarah :
Name of producer, publisher, distributor, manufacturer al-Maktabah al-ʻIlmīyah,
Date of production, publication, distribution, manufacture, or copyright notice 1358 = 1935
300 ## - PHYSICAL DESCRIPTION
Pagination 451, 5, 4 pages ;
Size 23 cm
650 #0 - SUBJECT ADDED ENTRY--TOPICAL TERM
Topical term or geographic name as entry element Hadith
General subdivision Evidences, authority, etc.
9 (RLIN) 246651
942 ## - ADDED ENTRY ELEMENTS (KOHA)
Source of classification or shelving scheme Dewey Decimal Classification
Koha item type Books
Holdings
Lost status Source of classification or shelving scheme Damaged status Not for loan Collection code Permanent Location Current Location Shelving location Date acquired Source of acquisition Cost, normal purchase price Total Checkouts Full call number Date last seen Copy number Koha item type
  Dewey Decimal Classification   Not For Loan Non-fiction Central Library, University of Rajshahi Central Library, University of Rajshahi Reading Room 13/10/1973 Quran Manjil , Rajshahi 14.00   A 297.126 BAK 1358[h] 28/03/2021 C-1 Books